Se pospone la entrada en vigor del CAFTA

Na minha lista:
Detalhes bibliográficos
Formato: Texto
Tags: Adicionar Tag
Sem tags, seja o primeiro a adicionar uma tag!

MARC

LEADER 00000 a a2200000 04500
001 42584
003
040
245 |a Se pospone la entrada en vigor del CAFTA  
773 |g volumen24, número1097 ( , 2004), páginas 13-14  
999 |c 27391  |d 27391